[Event "4NCL/Div1/SWR-BR"]
[Site "Rd11-Birmingham"]
[Date "2000.05.01"]
[Round "11.1"]
[White "Gretarsson, Helgi"]
[Black "Ansell, Simon"]
[Result "1-0"]
[WhiteElo "2544"]
[BlackElo "2383"]
[PlyCount "71"]
[EventDate "2000.05.01"]

1. d4 d5 2. Nf3 Nf6 3. c4 c6 4. Nc3 dxc4 5. a4 Bf5 6. Ne5 e6 7. f3 c5 8. e4
cxd4 9. exf5 Bb4 10. Bxc4 dxc3 11. Qxd8+ Kxd8 12. Ke2 cxb2 13. Bxb2 Ke7 14.
Rhb1 Rc8 15. Ba3 Bxa3 16. Rxb7+ Kd6 17. f4 Nd5 18. Bxd5 exd5 19. Rxa3 f6 20.
Nf7+ Kc6 21. Rc3+ Kxb7 22. Nd6+ Kb6 23. Rxc8 a6 24. Kd3 a5 25. h4 h5 26. Ne8
Kb7 27. Nd6+ Kb6 28. Ne8 Kb7 29. Rd8 Nc6 30. Rxa8 Kxa8 31. Nxg7 Ne7 32. Nxh5
Nxf5 33. Nxf6 Nxh4 34. g4 Kb7 35. Nxd5 Kc6 36. Ke4 1-0

[Event "4NCL/Div1/SWR-BR"]
[Site "Rd11-Birmingham"]
[Date "2000.05.01"]
[Round "11.2"]
[White "Beaumont, Chris"]
[Black "Jonkman, Harmen"]
[Result "0-1"]
[WhiteElo "2290"]
[BlackElo "2446"]
[PlyCount "52"]
[EventDate "2000.05.01"]

1. Nf3 d5 2. c4 e6 3. d4 dxc4 4. Qa4+ Nd7 5. Qxc4 Ngf6 6. g3 a6 7. Bg2 b5 8.
Qc2 Bb7 9. O-O c5 10. Bg5 Rc8 11. Qd2 Be7 12. Nc3 b4 13. Na4 {(=)} c4 14. a3 a5
15. Rfd1 O-O 16. Qe1 Be4 17. axb4 axb4 18. Nc5 Nxc5 19. dxc5 Nd5 20. Bxe7 Qxe7
21. c6 c3 22. bxc3 Nxc3 23. Rd7 Qf6 24. Nd4 Bxg2 25. Kxg2 e5 26. Nc2 Qxc6+ 0-1

[Event "4NCL/Div1/SWR-BR"]
[Site "Rd11-Birmingham"]
[Date "2000.05.01"]
[Round "11.3"]
[White "Davies, Nigel"]
[Black "Burgess, Graham"]
[Result "1/2-1/2"]
[WhiteElo "2518"]
[BlackElo "2300"]
[PlyCount "122"]
[EventDate "2000.05.01"]

1. Nf3 Nf6 2. g3 g6 3. b4 Bg7 4. Bb2 O-O 5. Bg2 d5 6. d3 Bg4 7. Nbd2 Qd6 8. a3
Nbd7 9. c4 c6 10. O-O e5 11. Qc2 Rfe8 12. e4 d4 13. Nh4 Bh6 14. c5 Qe7 15. Nc4
b6 16. Nd6 Red8 17. Bc1 Bxc1 18. Raxc1 bxc5 19. Nb7 Rdb8 20. Na5 Rb6 21. f4 Rc8
22. Nc4 Rb5 23. fxe5 Nxe5 24. Nxe5 Qxe5 25. Qf2 cxb4 26. h3 g5 27. hxg4 gxh4
28. Qxf6 Qxf6 29. Rxf6 bxa3 30. Ra1 Rb3 31. Bf1 hxg3 32. Kg2 Kg7 33. Rf3 Rcb8
34. Kxg3 Rc3 35. Rf2 Rb2 36. Kf3 c5 37. Rg2 c4 38. Ra2 Rxa2 39. Rxa2 cxd3 40.
Kf4 Rc2 41. Ra1 d2 42. Be2 d3 43. Bf3 Rc1 44. Rxa3 d1=Q 45. Bxd1 Rxd1 46. Rxa7
d2 47. Ke3 Re1+ 48. Kxd2 Rxe4 49. Ra8 h6 50. Kd3 Rxg4 51. Ke3 f5 52. Kf3 Rh4
53. Ra6 h5 54. Kg3 Rg4+ 55. Kh3 Rg6 56. Ra8 Kf6 57. Kh4 Rg1 58. Ra6+ Ke5 59.
Ra5+ Kf4 60. Ra4+ Kf3 61. Ra3+ Kf4 1/2-1/2

[Event "4NCL/Div1/SWR-BR"]
[Site "Rd11-Birmingham"]
[Date "2000.05.01"]
[Round "11.4"]
[White "Sherwin, James"]
[Black "Dunnington, Angus"]
[Result "0-1"]
[WhiteElo "2369"]
[BlackElo "2366"]
[PlyCount "96"]
[EventDate "2000.05.01"]

1. Nf3 d6 2. d4 Bg4 3. e4 Nf6 4. Nc3 e6 5. Be2 Be7 6. Be3 c6 7. a4 d5 8. Nd2
Bxe2 9. Qxe2 dxe4 10. Ndxe4 Nxe4 11. Nxe4 Qd5 12. f3 O-O 13. O-O Nd7 14. Rad1
Rfe8 15. Bf4 Qa5 16. b3 e5 17. dxe5 Nxe5 18. Qe1 Bb4 19. Qg3 Ng6 20. Bc7 Qf5
21. Kh1 h5 22. h3 h4 23. Qg4 Qxg4 24. hxg4 Re7 25. Bh2 Ne5 26. Bxe5 Rxe5 27.
Rd7 b5 28. c3 Bf8 29. Ra1 Re7 30. Rd4 Rb8 31. axb5 cxb5 32. b4 Rc7 33. Ra5 g6
34. Nf6+ Kg7 35. g5 Be7 36. Nd5 Rd7 37. f4 Bd8 38. Ra1 Bb6 39. Nxb6 Rxd4 40.
cxd4 Rxb6 41. Rd1 Kf8 42. d5 Ke7 43. Kh2 Kd6 44. Kh3 Ra6 45. Kxh4 Ra4 46. Rd4
a5 47. g4 Rxb4 48. Rd1 a4 0-1

[Event "4NCL/Div1/SWR-BR"]
[Site "Rd11-Birmingham"]
[Date "2000.05.01"]
[Round "11.6"]
[White "Hanley, Craig"]
[Black "Gayson, Peter"]
[Result "0-1"]
[WhiteElo "2231"]
[BlackElo "2255"]
[PlyCount "94"]
[EventDate "2000.05.01"]

1. d4 f5 2. g3 g6 3. Bg2 Bg7 4. c4 d6 5. Nc3 Nf6 6. Nf3 O-O 7. O-O Qe8 8. Re1
e5 9. dxe5 dxe5 10. e4 fxe4 11. Ng5 Nc6 12. Ngxe4 Nxe4 13. Nxe4 Be6 14. Be3 Rd8
15. Qe2 Nd4 16. Bxd4 Rxd4 17. b3 Bf5 18. Rad1 Qe7 19. Nc3 Qc5 20. Be4 c6 21.
Bxf5 gxf5 22. Na4 Qa3 23. Rxd4 exd4 24. Qe7 Qxe7 25. Rxe7 Rd8 26. Kf1 d3 27.
Ke1 b5 28. cxb5 cxb5 29. Nc5 Rd5 30. Nd7 Bc3+ 31. Kd1 b4 32. f4 Ra5 33. Re3 d2
34. Rd3 Rxa2 35. Ke2 Ra1 36. Rxd2 Bxd2 37. Kxd2 Ra2+ 38. Kd3 Rxh2 39. Kc4 a5
40. Kb5 Rb2 41. Nc5 Rc2 42. Nb7 Rc3 43. Nxa5 Rxg3 44. Kxb4 h5 45. Nc6 Kf7 46.
Nd4 Kf6 47. Kc5 h4 0-1

[Event "4NCL/Div1/SWR-BR"]
[Site "Rd11-Birmingham"]
[Date "2000.05.01"]
[Round "11.7"]
[White "Barrett, Stephen"]
[Black "Buckley, Simon"]
[Result "0-1"]
[WhiteElo "2234"]
[BlackElo "2270"]
[PlyCount "66"]
[EventDate "2000.05.01"]

1. d4 Nf6 2. c4 g6 3. Nc3 Bg7 4. Bg5 O-O 5. Nf3 d6 6. e3 c5 7. Be2 Nc6 8. O-O
cxd4 9. exd4 h6 10. Be3 d5 11. Ne5 dxc4 12. Nxc6 bxc6 13. Bxc4 Ng4 14. h3 Nxe3
15. fxe3 Rb8 16. Rf2 c5 17. dxc5 Qc7 18. Qd3 Qxc5 19. Raf1 Bf5 20. e4 Be6 21.
Bxe6 fxe6 22. e5 Rxb2 23. Ne4 Qb6 24. Qg3 Kh7 25. Kh2 Rfxf2 26. Nxf2 Qb5 27.
Nd3 Rd2 28. Nf4 g5 29. Qe1 gxf4 30. Qe4+ Kg8 31. Qa8+ Kf7 32. Rxf4+ Bf6 33.
exf6 Qe5 {time} 0-1

[Event "4NCL/Div1/SWR-BR"]
[Site "Rd11-Birmingham"]
[Date "2000.05.01"]
[Round "11.8"]
[White "Buckley, Melanie"]
[Black "Forbes, Cathy"]
[Result "1-0"]
[WhiteElo "2090"]
[BlackElo "2089"]
[PlyCount "63"]
[EventDate "2000.05.01"]

1. e4 c5 2. Nc3 Nc6 3. g3 g6 4. Bg2 Bg7 5. d3 d6 6. Be3 Rb8 7. Qd2 b5 8. Nge2
Nd4 9. O-O Bg4 10. f3 Bd7 11. Nc1 h5 12. h3 Qc8 13. Kh2 b4 14. Nd1 Nh6 15. c3
Nc6 16. Ne2 Qa6 17. f4 f5 18. e5 Na5 19. Rc1 Bc6 20. cxb4 Ng4+ 21. hxg4 hxg4+
22. Kg1 Bxg2 23. Kxg2 Qb7+ 24. Kf2 cxb4 25. Ke1 Kf7 26. Bd4 dxe5 27. Bxe5 Bxe5
28. fxe5 Qd5 29. Qe3 Rb6 30. Nf4 Qxa2 31. e6+ Kg7 32. Qe5+ 1-0

[Event "4NCL/Div1/WG2-RIC"]
[Site "Rd11-Birmingham"]
[Date "2000.05.01"]
[Round "11.1"]
[White "Levitt, Jon"]
[Black "Williams, Simon"]
[Result "1/2-1/2"]
[WhiteElo "2438"]
[BlackElo "2362"]
[PlyCount "94"]
[EventDate "2000.05.01"]

1. d4 e6 2. c4 f5 3. g3 Nf6 4. Bg2 Be7 5. Nf3 O-O 6. O-O d6 7. b4 e5 8. dxe5
dxe5 9. Nxe5 Qxd1 10. Rxd1 Bxb4 11. Nd3 Be7 12. Bf4 Ne4 13. Nd2 Nc3 14. Re1 Nc6
15. Bxc7 Nd4 16. Be5 Bf6 17. Bxd4 Bxd4 18. Nb3 Bf6 19. Nf4 Re8 20. Nd5 Nxd5 21.
Bxd5+ Be6 22. Bxe6+ Rxe6 23. Rac1 a5 24. e3 Rb6 25. Rc2 Rd6 26. Rb1 g5 27. Nd4
f4 28. Rxb7 Bxd4 29. exd4 Rxd4 30. Kg2 Rf8 31. gxf4 gxf4 32. Rb5 f3+ 33. Kg3
Rd1 34. Rg5+ Kh8 35. Rc3 Rg1+ 36. Kh4 Rf4+ 37. Kh5 Rh1 38. Rg3 Rxh2+ 39. Kg5
Rf7 40. Rcxf3 Rxf2 41. Rxf2 Rxf2 42. Rc3 Kg7 43. c5 h6+ 44. Kg4 Kf6 45. c6 Rg2+
46. Kf4 Rg8 47. Rh3 Ke6 1/2-1/2

[Event "4NCL/Div1/WG2-RIC"]
[Site "Rd11-Birmingham"]
[Date "2000.05.01"]
[Round "11.2"]
[White "Bates, Richard"]
[Black "Martin, Andrew"]
[Result "0-1"]
[WhiteElo "2368"]
[BlackElo "2446"]
[PlyCount "98"]
[EventDate "2000.05.01"]

1. d4 Nf6 2. Nf3 d5 3. g3 c5 4. dxc5 e6 5. c4 Bxc5 6. Bg2 O-O 7. O-O Nc6 8. a3
a5 9. Qc2 d4 10. Nbd2 e5 11. Ne4 Be7 12. Rd1 Bg4 13. Nfg5 Nxe4 14. Qxe4 Bxg5
15. Qxg4 Bxc1 16. Raxc1 f5 17. Bd5+ Kh8 18. Qf3 Qc7 19. Qb3 f4 20. Qd3 Rf6 21.
Qe4 Raf8 22. Rf1 Qd7 23. Rcd1 Rh6 24. Rd3 fxg3 25. Rxg3 Qe7 26. Qg4 Nd8 27. Kh1
Ne6 28. Bxe6 Rxe6 29. Rfg1 Rg6 30. Qe4 Rxg3 31. fxg3 h6 32. Qd5 b6 33. Kg2 Qg5
34. Rf1 Rxf1 35. Kxf1 Qe3 36. Qf3 Qc1+ 37. Kg2 Qxc4 38. Qf8+ Qg8 39. Qd6 Qa8+
40. Kg1 Qe4 41. Qxb6 Qxe2 42. Qxa5 d3 43. Qc3 Qd1+ 44. Kf2 Qc2+ 45. Kf1 e4 46.
Qb4 Qe2+ 47. Kg1 Qe3+ 48. Kg2 Qf3+ 49. Kh3 e3 0-1

[Event "4NCL/Div1/WG2-RIC"]
[Site "Rd11-Birmingham"]
[Date "2000.05.01"]
[Round "11.3"]
[White "Sowray, Peter"]
[Black "Wall, Gavin"]
[Result "0-1"]
[WhiteElo "2358"]
[BlackElo "2352"]
[PlyCount "96"]
[EventDate "2000.05.01"]

1. d4 f5 2. Nc3 Nf6 3. Bg5 d5 4. Bxf6 exf6 5. e3 Be6 6. Qf3 Qd7 7. Bd3 Nc6 8.
Nge2 Nb4 9. Nf4 Bf7 10. a3 Nxd3+ 11. cxd3 O-O-O 12. g3 Kb8 13. b4 g5 14. Nfe2
Bg6 15. Kd2 h5 16. h4 Bh6 17. Kc2 Rhe8 18. Rhd1 Re6 19. Kb3 Ra6 20. a4 Bf8 21.
a5 Qd6 22. Na2 b6 23. axb6 axb6 24. Nec3 Kb7 25. Rdc1 c6 26. b5 Ra3+ 27. Kb2
cxb5 28. Nxb5 Rxa2+ 29. Rxa2 Qb4+ 30. Ka1 Qxb5 31. Qe2 Bd6 32. Qc2 f4 33. e4
dxe4 34. dxe4 Bf7 35. e5 fxe5 36. Qh7 Qd5 37. Ra4 b5 38. Rb1 b4 39. Qd3 Qxd4+
40. Qxd4 exd4 41. hxg5 fxg3 42. fxg3 d3 43. Kb2 Rc8 44. Rd1 Rc2+ 45. Kb1 Bg6
46. Ra2 b3 47. Rb2 d2 48. Rxb3+ Kc6 0-1

[Event "4NCL/Div1/WG2-RIC"]
[Site "Rd11-Birmingham"]
[Date "2000.05.01"]
[Round "11.4"]
[White "Webb, Laurence"]
[Black "Law, Andrew"]
[Result "1-0"]
[WhiteElo "2241"]
[BlackElo "2304"]
[PlyCount "42"]
[EventDate "2000.05.01"]

1. e4 c5 2. Nf3 e6 3. c3 d5 4. e5 d4 5. Bd3 Nc6 6. O-O Nge7 7. Be4 Bd7 8. d3
Ng6 9. Na3 Be7 10. cxd4 cxd4 11. Nc4 b5 12. Na3 Rb8 13. Nc2 Rb6 14. Ncxd4 Nxd4
15. Nxd4 Nxe5 16. Bf4 Ng6 17. Be3 O-O 18. Nb3 Ra6 19. Nc5 Bxc5 20. Bxc5 Re8 21.
Bb7 Qg5 1-0

[Event "4NCL/Div1/WG2-RIC"]
[Site "Rd11-Birmingham"]
[Date "2000.05.01"]
[Round "11.5"]
[White "Tiller, Bjorn"]
[Black "Hinks-Edwards, Thomas"]
[Result "1/2-1/2"]
[WhiteElo "2382"]
[BlackElo "2291"]
[PlyCount "84"]
[EventDate "2000.05.01"]

1. e4 Nf6 2. d3 e5 3. f4 Nc6 4. Nc3 Bb4 5. Nf3 Qe7 6. Be2 d5 7. fxe5 Nxe5 8.
O-O Nxf3+ 9. Bxf3 Bxc3 10. bxc3 dxe4 11. dxe4 O-O 12. Qd4 c5 13. Ba3 Nd7 14. e5
Qxe5 15. Qxe5 Nxe5 16. Bd5 Be6 17. Bxb7 Rab8 18. Rfb1 Nd7 19. Bc6 Ne5 20. Bb5
Rbc8 21. Bc1 Nc4 22. a4 Nd6 23. Bd3 c4 24. Bf1 Ne4 25. Rb7 a6 26. Rb6 Ra8 27.
Ba3 Rfb8 28. Rab1 Rxb6 29. Rxb6 Nxc3 30. a5 Nb5 31. Bc5 h5 32. Be2 Bd5 33. Bxh5
Rc8 34. Be3 c3 35. Rxa6 Na3 36. Bc1 Nxc2 37. Rb6 Nd4 38. a6 c2 39. a7 Ra8 40.
Rb8+ Kh7 41. Rxa8 Bxa8 42. Kf2 g6 1/2-1/2

[Event "4NCL/Div1/WG2-RIC"]
[Site "Rd11-Birmingham"]
[Date "2000.05.01"]
[Round "11.6"]
[White "Phillips, Roy"]
[Black "Pert, Richard"]
[Result "1/2-1/2"]
[WhiteElo "2257"]
[BlackElo "2298"]
[PlyCount "71"]
[EventDate "2000.05.01"]

1. e4 c5 2. Nf3 d6 3. d4 cxd4 4. Nxd4 Nf6 5. Nc3 g6 6. Be3 Bg7 7. f3 O-O 8. Qd2
Nc6 9. Bc4 Bd7 10. O-O-O Rc8 11. Bb3 Ne5 12. Bh6 Bxh6 13. Qxh6 Rxc3 14. bxc3
Qc7 15. h4 Qxc3 16. Kb1 Nc4 17. Bxc4 Qxc4 18. h5 a5 19. hxg6 fxg6 20. g4 a4 21.
g5 Qb4+ 22. Kc1 Qa3+ 23. Kd2 Qb4+ 24. c3 Qb2+ 25. Nc2 Rc8 26. gxf6 Qxc3+ 27.
Ke2 Qxc2+ 28. Rd2 Qc4+ 29. Kf2 Qf7 30. fxe7 Qxe7 31. Rhd1 Rf8 32. Rxd6 Qf7 33.
Rxd7 Qxf3+ 34. Kg1 Qg3+ 35. Kh1 Qf3+ 36. Kg1 1/2-1/2

[Event "4NCL/Div1/WG2-RIC"]
[Site "Rd11-Birmingham"]
[Date "2000.05.01"]
[Round "11.7"]
[White "Norris, Alan"]
[Black "Franklin, Michael"]
[Result "0-1"]
[WhiteElo "2301"]
[BlackElo "2239"]
[PlyCount "77"]
[EventDate "2000.05.01"]

1. c4 Nf6 2. g3 c6 3. Nf3 d5 4. Bg2 Bf5 5. b3 e6 6. O-O Be7 7. d3 h6 8. Na3 O-O
9. Nc2 Bh7 10. Bb2 a5 11. Qd2 a4 12. cxd5 exd5 13. b4 Nbd7 14. Rab1 Re8 15.
Rfc1 Bd6 16. Ne3 Qe7 17. Ba1 Ne5 18. b5 Qd7 19. bxc6 bxc6 20. Bd4 Rac8 21. Rb6
Nfg4 22. Bh3 f5 23. Nxe5 Nxe5 24. Bc5 Nc4 25. Rxc4 dxc4 26. Bxd6 Qxd6 27. Nxc4
Qc5 28. Qb2 Rc7 29. e3 f4 30. gxf4 Bxd3 31. Ne5 Bb5 32. Nd7 Qd6 33. Rxb5 cxb5
34. Qxb5 Rd8 35. Ne5 Rc1+ 36. Kg2 g5 37. Qxa4 Kg7 38. Qa7+ Rc7 39. Qa5 {time}
0-1

[Event "4NCL/Div1/GUI-BARB"]
[Site "Rd11-Birmingham"]
[Date "2000.05.01"]
[Round "11.1"]
[White "King, Daniel"]
[Black "Collinson, Adam"]
[Result "1/2-1/2"]
[WhiteElo "2514"]
[BlackElo "2405"]
[PlyCount "90"]
[EventDate "2000.05.01"]

1. e4 c5 2. Nc3 d6 3. g3 Nc6 4. Bg2 g6 5. d3 Bg7 6. Nge2 Nf6 7. O-O O-O 8. h3
Bd7 9. Be3 Rb8 10. Qd2 b5 11. a3 a5 12. a4 b4 13. Nd1 Ne8 14. c3 Nc7 15. f4 f5
16. Nf2 Kh8 17. exf5 gxf5 18. Kh2 e6 19. d4 cxd4 20. Nxd4 bxc3 21. bxc3 Ne7 22.
c4 Rb4 23. Rfc1 Rxa4 24. Rxa4 Bxa4 25. Qxa5 Bd7 26. Rb1 e5 27. Ne2 Ne6 28. Qa6
Bc8 29. Qa7 Qc7 30. Qxc7 Nxc7 31. c5 dxc5 32. Bxc5 Re8 33. Bd6 Ned5 34. Rb8 Ba6
35. Rxe8+ Nxe8 36. Bxe5 Ne3 37. Bf3 Bxe5 38. fxe5 Nc4 39. e6 Ne5 40. Nd4 Nxf3+
41. Nxf3 Kg7 42. h4 Bc8 43. Nd4 Kf6 44. Nh3 Ng7 45. Ng5 h6 1/2-1/2

[Event "4NCL/Div1/GUI-BARB"]
[Site "Rd11-Birmingham"]
[Date "2000.05.01"]
[Round "11.2"]
[White "Dishman, Stephen"]
[Black "Rowson, Jonathan"]
[Result "0-1"]
[WhiteElo "2364"]
[BlackElo "2499"]
[PlyCount "82"]
[EventDate "2000.05.01"]

1. d4 Nf6 2. Bg5 e6 3. Nd2 h6 4. Bh4 Nc6 5. c3 d6 6. e4 e5 7. dxe5 Nxe5 8. Ngf3
Ng6 9. Bg3 Nh5 10. Bc4 Nxg3 11. hxg3 Qf6 12. Qe2 Bg4 13. Qe3 Be7 14. Nd4 O-O
15. f3 Bd7 16. f4 Bd8 17. Qf3 c6 18. Qh5 b5 19. Bb3 c5 20. N4f3 c4 21. Bc2 Bb6
22. f5 Ne5 23. g4 Be3 24. Rd1 Bc6 25. Ke2 Bf4 26. g3 Bxd2 27. Rxd2 Nxf3 28.
Kxf3 Rfe8 29. Rhd1 Qe5 30. Kf2 Bxe4 31. Bxe4 Qxe4 32. Rxd6 Qe2+ 33. Kg1 Qf3 34.
Rd7 Qxg3+ 35. Kh1 Re1+ 36. Rxe1 Qxe1+ 37. Kg2 Qe8 38. Rd2 Qe4+ 39. Kf1 Re8 40.
Rf2 Rd8 41. g5 hxg5 0-1

[Event "4NCL/Div1/GUI-BARB"]
[Site "Rd11-Birmingham"]
[Date "2000.05.01"]
[Round "11.3"]
[White "Gormally, Danny"]
[Black "Pert, Nick"]
[Result "1-0"]
[WhiteElo "2504"]
[BlackElo "2396"]
[PlyCount "59"]
[EventDate "2000.05.01"]

1. d4 d5 2. c4 c6 3. Nf3 Nf6 4. Nc3 dxc4 5. g3 b5 6. Bg2 e6 7. Ne5 Nd5 8. a4 f6
9. Nf3 Qb6 10. e4 Nb4 11. O-O Nd3 12. axb5 cxb5 13. e5 Bb7 14. exf6 gxf6 15.
Nh4 Bxg2 16. Qh5+ Kd8 17. Nxg2 b4 18. Qf3 bxc3 19. bxc3 Qc6 20. Qxf6+ Kc7 21.
Bf4+ Bd6 22. Bxd6+ Kxd6 23. Qxh8 Nd7 24. Qg7 a5 25. Qg5 a4 26. Nf4 a3 27. d5
exd5 28. Nxd3 cxd3 29. Qf4+ Ne5 30. Qf6+ 1-0

[Event "4NCL/Div1/GUI-BARB"]
[Site "Rd11-Birmingham"]
[Date "2000.05.01"]
[Round "11.4"]
[White "Crouch, Colin"]
[Black "Plaskett, James"]
[Result "0-1"]
[WhiteElo "2424"]
[BlackElo "2515"]
[PlyCount "42"]
[EventDate "2000.05.01"]

1. d4 e6 2. c4 b6 3. g3 Bb7 4. d5 b5 5. e4 Nf6 6. e5 Ne4 7. Bg2 f5 8. exf6 Bb4+
9. Nd2 Nxf6 10. Ngf3 exd5 11. cxb5 Qe7+ 12. Qe2 Qxe2+ 13. Kxe2 a6 14. b6 cxb6
15. a3 Bd6 16. Nb3 a5 17. Be3 Ba6+ 18. Kd1 Nc6 19. h3 O-O 20. Nbd4 Ne4 21. Bf1
Nxd4 0-1

[Event "4NCL/Div1/GUI-BARB"]
[Site "Rd11-Birmingham"]
[Date "2000.05.01"]
[Round "11.5"]
[White "Kinsman, Andrew"]
[Black "Plueg, Andreas"]
[Result "1/2-1/2"]
[WhiteElo "2399"]
[BlackElo "2347"]
[PlyCount "42"]
[EventDate "2000.05.01"]

1. d4 d5 2. c4 e6 3. Nf3 Nf6 4. g3 Be7 5. Bg2 O-O 6. O-O Nbd7 7. Qc2 c6 8. b3
b5 9. c5 Ne4 10. Ne1 e5 11. e3 exd4 12. exd4 Bf6 13. Bb2 Re8 14. Nd2 Nxd2 15.
Qxd2 a5 16. Nd3 Nf8 17. Rfe1 Bf5 18. Rxe8 Qxe8 19. Re1 Qd7 20. Ne5 Bxe5 21.
Rxe5 a4 1/2-1/2

[Event "4NCL/Div1/GUI-BARB"]
[Site "Rd11-Birmingham"]
[Date "2000.05.01"]
[Round "11.6"]
[White "Knott, Simon"]
[Black "Webb, Richard"]
[Result "1-0"]
[WhiteElo "2348"]
[BlackElo "2351"]
[PlyCount "85"]
[EventDate "2000.05.01"]

1. c4 c5 2. g3 g6 3. Bg2 Bg7 4. Nc3 Nc6 5. d3 e6 6. e4 Nge7 7. Nge2 O-O 8. O-O
d6 9. Rb1 a6 10. a4 Rb8 11. Be3 e5 12. Qd2 Be6 13. f4 Nd4 14. b4 b6 15. b5 a5
16. Rf2 Qd7 17. Rbf1 Nxe2+ 18. Rxe2 f5 19. Nd5 Bxd5 20. cxd5 Rf7 21. Bh3 Rbf8
22. Ref2 Kh8 23. Rf3 exf4 24. Rxf4 Kg8 25. R4f3 Qc8 26. Bf4 Qc7 27. Bg5 c4 28.
d4 Qb7 29. Rc3 Nxd5 30. exd5 Qxd5 31. Be3 Re7 32. Bf2 Rfe8 33. Bg2 Qf7 34. Bf3
d5 35. Rcc1 h5 36. Rfe1 Kh7 37. Rxe7 Rxe7 38. Re1 Bh6 39. Rxe7 Qxe7 40. Qe2
Qxe2 41. Bxe2 c3 42. Bd3 Kg7 43. Kf1 1-0

[Event "4NCL/Div1/GUI-BARB"]
[Site "Rd11-Birmingham"]
[Date "2000.05.01"]
[Round "11.7"]
[White "Povah, Nigel"]
[Black "Kenworthy, Gary"]
[Result "1/2-1/2"]
[WhiteElo "2360"]
[BlackElo "2279"]
[PlyCount "35"]
[EventDate "2000.05.01"]

1. d4 g6 2. e4 Bg7 3. Nc3 d6 4. Be3 a6 5. Nf3 b5 6. Bd3 Bb7 7. Qd2 Nd7 8. a4 b4
9. Ne2 a5 10. O-O Ngf6 11. Bh6 Nxe4 12. Bxe4 Bxh6 13. Qxh6 Bxe4 14. Qg7 Rf8 15.
Ng5 Nf6 16. Ng3 Bd5 17. Rfe1 Kd7 18. Nxh7 1/2-1/2

[Event "4NCL/Div1/GUI-BARB"]
[Site "Rd11-Birmingham"]
[Date "2000.05.01"]
[Round "11.8"]
[White "Kieran, Rosalind"]
[Black "Yurenok, Maria"]
[Result "0-1"]
[WhiteElo "2085"]
[BlackElo "1912"]
[PlyCount "78"]
[EventDate "2000.05.01"]

1. e4 c5 2. Nf3 e6 3. d4 cxd4 4. Nxd4 Nc6 5. Nb5 d6 6. c4 a6 7. N5a3 Nf6 8. Nc3
Be7 9. Be2 O-O 10. O-O b6 11. Be3 Bb7 12. f3 Qc7 13. Na4 Nd7 14. Qb3 Bd8 15.
Rfd1 Nc5 16. Qc2 Bf6 17. Nc3 Rfd8 18. Qd2 Be5 19. h3 Ne7 20. b4 Nd7 21. Rac1 f5
22. Bd3 Rac8 23. Bg5 Nf6 24. exf5 exf5 25. Ne2 h6 26. Be3 Nd7 27. Qc2 Rf8 28.
f4 Bf6 29. Nd4 Bxd4 30. Bxd4 Qc6 31. Qf2 Rce8 32. Qg3 g6 33. h4 h5 34. Re1 Kh7
35. b5 axb5 36. Nxb5 Nf6 37. Qg5 Neg8 38. a4 Ng4 39. Bf1 Re4 {time} 0-1

[Event "4NCL/Div2/BAR2-GUI2"]
[Site "Rd1-Birmingham"]
[Date "1999.10.09"]
[Round "1.1"]
[White "Pritchett, Craig"]
[Black "Anderton, Matthew"]
[Result "1-0"]
[WhiteElo "2313"]
[BlackElo "2216"]
[PlyCount "67"]
[EventDate "1999.10.09"]

1. c4 Nf6 2. Nc3 e6 3. Nf3 Bb4 4. Qc2 c5 5. e3 O-O 6. Be2 Nc6 7. O-O Qe7 8. b3
Bxc3 9. Qxc3 e5 10. Bb2 d6 11. d3 Bg4 12. Rae1 h6 13. a3 a5 14. h3 Bd7 15. d4
Rfe8 16. d5 Nb8 17. Nd2 Bf5 18. f4 Ne4 19. Nxe4 Bxe4 20. fxe5 dxe5 21. Bf3 Bxf3
22. Rxf3 Nd7 23. e4 Nb6 24. Ref1 f6 25. Bc1 Kh7 26. Qd2 Rf8 27. Rd3 Rfd8 28.
Qf2 Nc8 29. Qf5+ Kg8 30. Bxh6 Nd6 31. Qg4 a4 32. Rg3 Rd7 33. Bxg7 Qxg7 34. Qe6+
1-0

[Event "4NCL/Div2/BAR2-GUI2"]
[Site "Rd1-Birmingham"]
[Date "1999.10.09"]
[Round "1.2"]
[White "James, Russell"]
[Black "Rogers, Jonathan"]
[Result "1/2-1/2"]
[WhiteElo "2204"]
[BlackElo "2340"]
[PlyCount "108"]
[EventDate "1999.10.09"]

1. e4 e5 2. Nf3 Nc6 3. Bb5 Nf6 4. d3 d6 5. O-O Be7 6. Re1 O-O 7. Nbd2 Bd7 8. c3
Na5 9. Bxd7 Qxd7 10. Nf1 Nc6 11. Ng3 g6 12. Qc2 Ne8 13. Bh6 Ng7 14. d4 Kh8 15.
Rad1 f6 16. Qb3 Rab8 17. Qd5 Qe8 18. h4 Rg8 19. Bxg7+ Rxg7 20. h5 Bf8 21. Qb3
Rg8 22. hxg6 hxg6 23. dxe5 dxe5 24. Rd5 Rg7 25. Red1 Rh7 26. Qb5 Qe6 27. Qb3
Bd6 28. Rb5 Qc8 29. Rbd5 Qg4 30. Rb5 b6 31. Rbd5 Ne7 32. R5d3 Rg8 33. Kf1 f5
34. Qa4 a5 35. b3 Rf8 36. Qc4 Rf6 37. exf5 Qxc4 38. bxc4 gxf5 39. Ng5 Rg7 40.
Nh5 Rfg6 41. Rh3 Kg8 42. Nxg7 Kxg7 43. Nf3 Kf6 44. g3 Nc6 45. Rh5 Ne7 46. Ke2
Ke6 47. Rdh1 Kd7 48. Rh6 Rg8 49. Rf6 Rg4 50. Rh4 Rg7 51. Rfh6 a4 52. c5 bxc5
53. Rxa4 Nd5 54. Kd2 e4 1/2-1/2

[Event "4NCL/Div2/BAR2-GUI2"]
[Site "Rd1-Birmingham"]
[Date "1999.10.09"]
[Round "1.3"]
[White "Duncan, Chris"]
[Black "Sharpe, Ian"]
[Result "1-0"]
[WhiteElo "2297"]
[BlackElo "2240"]
[PlyCount "119"]
[EventDate "1999.10.09"]

1. c4 Nf6 2. Nc3 e6 3. e4 c5 4. e5 Ng8 5. Nf3 d6 6. exd6 Qxd6 7. d4 cxd4 8.
Nxd4 a6 9. Be2 Nf6 10. O-O Be7 11. Be3 O-O 12. a3 Nc6 13. Nxc6 Qxc6 14. b4 e5
15. Nd5 Nxd5 16. Qxd5 Qc7 17. f4 Bf6 18. Rad1 Be6 19. Qe4 Rad8 20. f5 Bd7 21.
b5 axb5 22. cxb5 Bc8 23. g4 h6 24. Bc4 Rxd1 25. Rxd1 Rd8 26. Rxd8+ Qxd8 27. Qd5
Qxd5 28. Bxd5 Kf8 29. Kf2 Be7 30. a4 f6 31. a5 Bb4 32. a6 bxa6 33. b6 Ke7 34.
b7 Bxb7 35. Bxb7 a5 36. Ke2 Kd6 37. Kd3 Kc7 38. Bd5 a4 39. Kc4 Be7 40. Kb5 a3
41. Be6 Kb7 42. Bb6 Bf8 43. Bd5+ Kc8 44. Kc6 Kb8 45. Bc7+ Ka7 46. Bb6+ Kb8 47.
Kd7 Bb4 48. h3 Bd2 49. Ke7 Bc3 50. Bc5 Bb2 51. Kf7 Kc7 52. Kxg7 e4 53. Kxh6
Bc1+ 54. Kg6 e3 55. h4 e2 56. Bb4 Bf4 57. h5 Kb6 58. h6 Bxh6 59. Kxh6 Kb5 60.
Be1 1-0

[Event "4NCL/Div2/BAR2-GUI2"]
[Site "Rd1-Birmingham"]
[Date "1999.10.09"]
[Round "1.4"]
[White "Richardson, Keith"]
[Black "Sands, David"]
[Result "1/2-1/2"]
[WhiteElo "2216"]
[BlackElo "2258"]
[PlyCount "40"]
[EventDate "1999.10.09"]

1. e4 c5 2. Nf3 Nc6 3. Bb5 g6 4. O-O Bg7 5. c3 Nf6 6. Re1 O-O 7. Na3 d6 8. d4
cxd4 9. cxd4 Bg4 10. Nc2 Qb6 11. Bf1 Rfc8 12. Rb1 e6 13. a3 d5 14. e5 Nd7 15.
b4 Bxf3 16. gxf3 a5 17. b5 Ne7 18. Ne3 Qd8 19. Bd2 b6 20. Rc1 Rxc1 1/2-1/2

[Event "4NCL/Div2/BAR2-GUI2"]
[Site "Rd1-Birmingham"]
[Date "1999.10.09"]
[Round "1.5"]
[White "Mack, Andrew"]
[Black "Sharp, Peter"]
[Result "1/2-1/2"]
[WhiteElo "2280"]
[BlackElo "2144"]
[PlyCount "52"]
[EventDate "1999.10.09"]

1. e4 Nf6 2. e5 Nd5 3. d4 d6 4. Bc4 c6 5. Nf3 Bg4 6. h3 Bxf3 7. Qxf3 dxe5 8.
dxe5 e6 9. O-O Nd7 10. Re1 Qc7 11. Qe2 O-O-O 12. Nd2 h6 13. Nf3 Ne7 14. Bf4 g5
15. Bh2 Ng6 16. a4 Nb6 17. Bd3 Rg8 18. a5 Nd5 19. a6 b6 20. Be4 Bc5 21. Qc4 Qe7
22. Bxd5 Rxd5 23. b4 Bxb4 24. Qxc6+ Qc7 25. Qa8+ Qb8 26. Qc6+ Qc7 1/2-1/2

[Event "4NCL/Div2/BAR2-GUI2"]
[Site "Rd1-Birmingham"]
[Date "1999.10.09"]
[Round "1.6"]
[White "Noyce, Robert"]
[Black "Moore, John"]
[Result "1/2-1/2"]
[WhiteElo "2177"]
[BlackElo "2143"]
[PlyCount "33"]
[EventDate "1999.10.09"]

1. e4 e5 2. Nf3 Nc6 3. Bc4 Bc5 4. d3 Nf6 5. O-O d6 6. a4 a5 7. Nbd2 O-O 8. c3
Qe7 9. Re1 Be6 10. Nf1 Bxc4 11. dxc4 Qe6 12. Qd3 Nh5 13. Ng5 Qg6 14. g3 h6 15.
Nh3 Qe6 16. Kg2 Ne7 17. Be3 1/2-1/2